| 000 | 00914nam a22002297a 4500 | ||
|---|---|---|---|
| 999 |
_c11491 _d11491 |
||
| 003 | AR-CdUCM | ||
| 008 | 190404b ||||| |||| 00| 0 spa d | ||
| 040 |
_aMUNICIPALIDAD PROVINCIAL DEL CUSCO _cBIBLIOTECA MUNICIPAL DEL CUSCO |
||
| 041 | _hrus | ||
| 082 |
_a327.09 / _bP79 /1943 |
||
| 100 |
_aPotemkin, V. P. _928885 |
||
| 245 | _aHistoria de la diplomacia / | ||
| 260 |
_aBuenos Aires : _bEdit. Lautaro, _c1943. |
||
| 300 |
_a348 paginas ; _c23 cm. |
||
| 505 | _aContenido : v.1 : Diplomacia en la antigüedad -- La diplomacia en la Grecia antigua -- La diplomacia de la Roma antigua -- La diplomacia en la edad media -- La diplomacia durante el periodo del desmembramiento feudal... | ||
| 650 |
_aDiplomacia en eurpoa _928886 |
||
| 650 |
_aHistoria europea _916522 |
||
| 650 |
_aÓrganos diplomáticos _928887 |
||
| 650 |
_aDiplomacia en tiempos modernos _928888 |
||
| 942 |
_2ddc _cLIBROS |
||
| 945 | _awnts | ||